000 00501nam a2200193Ia 4500
005 20250923144435.0
008 008 250917s9999 xx 000 0 eng d
037 _aReference
040 _aDSWL
_beng
_cDSWL
041 _aeng
_2eng
084 _axx, xx
_qDSWL
245 0 _aReport Vol.I (1949-1950)
_cby Fisal Commission
260 _aDelhi
_bGovt. of India
_c1950
300 _a483 p.
365 _aINR
_b4.4
925 _g4.4
942 _cREF
_hxx, xx
999 _c1438910
_d1438910